Stazioni ferroviarie di Milano - Statistics

Statistiche generali
  • Questo quiz è stato fatto 789 volte
    149 dall'ultimo reset
  • Il punteggio medio è 15 su 24
Statistiche sulle risposte
Iniziale Nome Stazione % Corretto
C Centrale FS
92%
P Porta Garibaldi
88%
L Lambrate
83%
R Rogoredo
82%
C Cadorna FN
79%
P Porta Venezia
74%
P Porta Genova
71%
B Bovisa FN
70%
D Domodossola
66%
P Porta Romana
66%
D Dateo
65%
F Forlanini
64%
P Porta Vittoria
60%
G Greco Pirelli
59%
R Repubblica
59%
A Affori FN
58%
V Villapizzone
54%
L Lancetti
53%
Q Quarto Oggiaro
51%
C Certosa
47%
S San Cristoforo
46%
T Tibaldi
46%
R Romolo
44%
B Bruzzano Parco Nord
26%
Nessun quiz corrispondente trovato
Distribuzione punteggi
Percentuale di utenti per punteggio
Percentile per numero di risposta
I tuoi punteggi nel tempo
Non hai fatto questo quiz dall'ultimo reset